000 00832 a2200205 4500
003 Nust
005 20230330104827.0
010 _a 79067675
020 _a0879511060 :
040 _cNust
082 0 0 _a791.430973,FOR
100 1 _aFornatale, Pete
_9111567
245 1 0 _aRadio in the television age /
_cPeter Fornatale, Joshua E. Mills.
260 _aWoodstock, N.Y. :
_bOverlook Press,
_c1980.
300 _axxviii, 212 p. ;
_c24 cm.
505 _aThe Golden AGE Ends (Page-1), Adapting for Survival (Page-9), The Emerging teen Culture (Page-35), Formats (Page-59), Radio News (Page-93), FM (Page-117), The Seventies (Page-137), Noncommercial Radio (Page-165), Whither Radio ? (Page-187).
650 0 _aRadio broadcasting
_zUnited States
_xHistory.
_9111568
700 1 _aMills, Joshua E.,
_d1947-
_9111569
942 _2ddc
_cBK
999 _c185223
_d185223